00417nam a2200133Ia 4500008004100000020001800041082001400059100003700073245008600110260003100196300001000227500001500237650003100252120629s9999 xx 000 0 und d a968-18-6838-2 a411 P227p aParedes Chavarría, Elia Acacia aPrácticas de autoevaluación ortográfica / Elia Acacia Paredes Chavarría aMéxico : Limusa, Noriega a115 p aSoluciones a1. ESPAÑOL-ORTOGRAFIAÌ